000 00332nam a22001457a 4500
008 210527b ||||| |||| 00| 0 eng d
020 _a0721668526
041 _aeng
080 _23rd
_a616.8
082 _a616.8
100 _a7
101 _aNEU
245 _aClinical Pediatric Neurology
_cGerald M. Fenichel
942 _2udc
_cBK
999 _c57745
_d57745